| 000 | 00545nam a2200181 4500 | ||
|---|---|---|---|
| 001 | 4796 | ||
| 005 | 20230411085959.0 | ||
| 008 | 060907n1995 dr spa | ||
| 020 | _a0801852560 | ||
| 035 | _9funglode4835 | ||
| 041 | _aEN | ||
| 245 | 0 |
_aEconomic reform and democracy / _cedited by Larry Diamond and Marc F. Plattner |
|
| 260 |
_aBaltimore : _bJohns Hopkins University Press, _c1995 |
||
| 300 | _axxii, 252 p. | ||
| 440 | 2 | _aA journal of democracy book | |
| 700 | _aDiamond, Larry \ Plattner, Marc F | ||
| 942 |
_2lcc _cbk |
||
| 999 |
_c110406 _d110406 |
||